000 01025nam a2200217 a 4500
001 77961
003 BD-RjUL
005 20211209083054.0
008 210222s1994 sy ||||| |||| 00| 0 ara d
035 _a(BD-RjUL)78187
040 _aBD-RjUL
_beng
_cBD-RjUL
041 _aara
082 _223
_a297.216
_bBAM 1994
100 _a البغدادي، ابي الفرج عبد الرحمن بن الجوزي القرشي ;; Al-Baghdadi, Abi Al-Faraj Abdul Rahman bin Al-Jawzi Al-Qurashi
_d المتوفى سنة ٥٩٦هج، اختصره وعلق عليه علي
_9245076
245 _aمختصر كتاب تلبيس ابليس ;; mukhtasir kitab talabays 'iiblis /
_cلابي الفرج عبد الرحمن بن الجوزي القرشي البغدادي ;; Abi Al-Faraj Abdul Rahman bin Al-Jawzi Al-Qurashi Al-Baghdadi
260 _aبيروت :
_bمؤسسة الرسالة ,
_c1994
300 _a ٣٥٨ص.
_c24 cm
650 _aislam
_vdoctrines
_xhistory
_9245077
650 _aIslam
_vDevil
_9245078
942 _2ddc
_cBK
999 _c77961
_d77961